000 00869nam a22002177a 4500
999 _c177871
_d177871
005 20210308174445.0
010 _aENG-129173
020 _a978-93-88096-24-9
_c325.00
035 _aEN-112705
037 _bDBAD/PUB
082 _a621.3
245 _aBasic Electrical Engineering: as per new JNTU Hyderabad Syllabus R 18 (Common to All Branches for B. Tech First Year)/
_cR. Durga Rao, et. al.
260 _aHyderabad
_bSeven Hills International Publishers
_c2019
270 _bHyderabad
_e500038
_a3326/C, Level-4, Surneni Nilayam, Near B K Gupta Park, S R Nagar
_k91 40 23710657, 238000657
_l91 40 23810657
_mstudentshelpline.in@gmail.com
300 _axvi+400p.
_c24cm(pbk)
_bIncluding illustrations.
700 _aRao, R. Durga
700 _aD. Shobha rAni
700 _aIsaac, Ramalla
700 _aA. Vinod
942 _2ddc
_cEN
_h621.3
_mBAS